THE ENVIRONMENT(PROTECTION) ACT 1986 (Record no. 22977)

MARC details
000 -LEADER
fixed length control field 00285nam a22001217a 4500
003 - CONTROL NUMBER IDENTIFIER
control field SGT
082 ## - DEWEY DECIMAL CLASSIFICATION NUMBER
Classification number 344.046
Item number BAR
100 ## - MAIN ENTRY--PERSONAL NAME
Personal name BARE ACT
245 ## - TITLE STATEMENT
Title THE ENVIRONMENT(PROTECTION) ACT 1986
260 ## - PUBLICATION, DISTRIBUTION, ETC. (IMPRINT)
Place of publication, distribution, etc GURGAON
Name of publisher, distributor, etc UNIVERSAL LEXIS NEXIS
Year of Publication 2022
300 ## - PAGE DESCRIPTION
No. of Pages XVI ,531
942 ## - ADDED ENTRY ELEMENTS (KOHA)
Source of classification or shelving scheme Dewey Decimal Classification
Koha item type Books
942 ## - ADDED ENTRY ELEMENTS (KOHA)
-- 16
Holdings
Withdrawn status Lost status Source of classification or shelving scheme Damaged status Not for loan Collection code Home library Current library Shelving location Date acquired Vendor Name Cost, normal purchase price SGTU Bill Number Total Checkouts Full call number Accession No. (Barcode) Date last seen Date last borrowed Bill Date Koha item type Checked out
    Dewey Decimal Classification     LAW SGT Science & Social Sciences Library SGT Science & Social Sciences Library Text Book 08/07/2022 AHUJA BOOK COMPANY 550.00 SGTU 14697 11 344.046 BAR FLBA254 07/06/2024 30/05/2024 30/06/2022 Books  
    Dewey Decimal Classification     LAW SGT Science & Social Sciences Library SGT Science & Social Sciences Library Text Book 08/07/2022 AHUJA BOOK COMPANY 550.00 SGTU 14697 6 344.046 BAR FLBA255 23/05/2026 23/05/2026 30/06/2022 Books 06/06/2026
    Dewey Decimal Classification     LAW SGT Science & Social Sciences Library SGT Science & Social Sciences Library Text Book 08/07/2022 AHUJA BOOK COMPANY 550.00 SGTU 14697 1 344.046 BAR FLBA256 26/04/2023 26/04/2023 30/06/2022 Books